|
|
|
|
| LEADER |
02384nam a22004451i 4500 |
| 001 |
45253 |
| 003 |
BD-DhAAL |
| 005 |
20251230161741.0 |
| 008 |
251230t20182007enk 000 1 eng |
| 010 |
|
|
|a 2015002206
|
| 020 |
|
|
|a 9780553448184
|
| 020 |
|
|
|a 9781846275630
|
| 020 |
|
|
|a 9781846276033
|
| 035 |
|
|
|a 18481394
|
| 040 |
|
|
|a DLC
|b eng
|c DLC
|e rda
|d DLC
|d BD-DhAAL
|
| 041 |
1 |
|
|a eng
|h kor
|
| 042 |
|
|
|a pcc
|
| 050 |
0 |
0 |
|a PL992.26.K36
|b C4313 2015
|
| 082 |
0 |
0 |
|a 895.735
|2 23
|
| 100 |
1 |
|
|a Han, Kang,
|d 1970-
|
| 240 |
1 |
0 |
|a Ch'aesikchuŭija.
|l English
|
| 245 |
1 |
4 |
|a The vegetarian :
|b a novel /
|c Han Kang ; translated from the Korean by Deborah Smith.
|
| 260 |
|
|
|a London ;
|a New York :
|b Granta Publications,
|c 2018.
|
| 300 |
|
|
|a 183 pages ;
|c 21 cm
|
| 500 |
|
|
|a The vegetarian' was originally published in Korean as three separate novelettes and then compiled into a novel 'Chaesikjuuija', published in 2007 by Changbi Publishers, Inc." - verso title page.
|
| 500 |
|
|
|a First published in trade paperback by Portobello Books, an imprint of Granta Publications, in 2015; First paperback edition published by Portobello Books, an imprint of Granta Publications in 2015; Paperback edition with amendments to the translation published by Granta Books 2018; This paperback edition published by Granta Books 2023" - verso title page.
|
| 500 |
|
|
|a Winner of the International Booker Prize" -
|
| 500 |
|
|
|a Original edition: 2015
|
| 541 |
|
|
|a Donated by Farhana Zahir, Assistant Professor, BRAC Business School, BRAC University
|e 45253
|
| 586 |
|
|
|a Man Booker Prize for Fiction, 2016.
|
| 650 |
|
|
|a Self-actualization (Psychology) in women
|v Fiction.
|9 29902
|
| 650 |
|
|
|a Self-realization in women
|v Fiction.
|9 29903
|
| 650 |
|
|
|a Vegetarianism
|v Fiction.
|9 60034
|
| 650 |
|
|
|a Women
|z Korea (South)
|v Fiction.
|9 60035
|
| 655 |
|
|
|a Psychological fiction.
|
| 655 |
|
|
|a Domestic fiction.
|
| 700 |
1 |
|
|a Smith, Deborah,
|d 1987-
|e translator.
|9 59348
|
| 942 |
|
|
|2 ddc
|c BK
|
| 999 |
|
|
|c 47693
|d 47693
|
| 952 |
|
|
|0 0
|1 0
|2 ddc
|4 0
|6 895_735000000000000_HAN
|7 0
|9 78655
|a BRACUL
|b BRACUL
|c AWC
|d 2025-12-30
|e Donated by Farhana Zahir, Assistant Professor, BRAC Business School, BRAC University
|l 2
|o 895.735 HAN
|p 3010045243
|r 2026-04-16
|s 2026-04-13
|t 1
|w 2025-12-30
|y AWD
|x Donated copy received from Farhana Zahir, Assistant Professor, BRAC Business School, BRAC University on 19 November 2025;£9.99
|